[Event "Chebanenco Memorial"]
[Site "Kishinev"]
[Date "2014.03.02"]
[Round "9"]
[White "Kalinina, Marianna"]
[Black "Grinev, Valeriy"]
[Result "0-1"]
[WhiteElo "2088"]
[BlackElo "2369"]
[PlyCount "72"]
[EventDate "2014.02.24"]
[EventType "tourn"]
[EventRounds "9"]
[EventCountry "MDA"]
[SourceTitle "CBM 159 Extra"]
[Source "ChessBase"]
[SourceDate "2014.04.24"]
[SourceVersion "1"]
[SourceVersionDate "2014.04.24"]
[SourceQuality "1"]

1. e4 c5 2. Nf3 d6 3. d4 cxd4 4. Nxd4 Nf6 5. Nc3 Nc6 6. Bc4 e6 7. Be3 Be7 8. Qe2 a6 9. 0-0-0 Qc7 10. Bb3 0-0 11. g4 Nxd4 12. Rxd4 b5 13. g5 Nd7 14. Rg1 Nc5 15. Qh5 g6 16. Qh6 Rd8 17. e5 Bf8 18. Qh3 Bg7 19. Rh4 d5 20. Bxc5 Qxc5 21. Rxh7 Bb7 22. Nd1 d4 23. Rg4 d3 24. c3 Qxe5 25. f4 d2+ 26. Kb1 Qf5+ 27. Ka1 Bf3 28. Rxg7+ Kxg7 29. Qxf3 Rac8 30. Rh4 Rh8 31. Qg3 Rxh4 32. Qxh4 Rc4 33. Qf2 Rxf4 34. Qxd2 Qxg5 35. Nf2 Rxf2 36. Qd4+ e5 0-1

[Event "Chebanenco Memorial"]
[Site "Kishinev"]
[Date "2013.02.23"]
[Round "4"]
[White "Kalinina, Marianna"]
[Black "Vavric, Pavel"]
[Result "0-1"]
[WhiteElo "2047"]
[BlackElo "2203"]
[PlyCount "154"]
[EventDate "2013.02.21"]
[EventType "tourn"]
[EventRounds "9"]
[EventCountry "MDA"]
[SourceTitle "EXT 2014"]
[Source "ChessBase"]
[SourceDate "2013.11.20"]
[SourceVersion "1"]
[SourceVersionDate "2013.11.20"]
[SourceQuality "1"]

1. e4 c5 2. Nf3 Nc6 3. d4 cxd4 4. Nxd4 g6 5. Nc3 Bg7 6. Be3 Nf6 7. Nxc6 bxc6 8. e5 Ng8 9. f4 Nh6 10. Be2 0-0 11. 0-0 f6 12. Bc4+ Kh8 13. exf6 Bxf6 14. Ne4 Bg7 15. Bd4 Nf5 16. Bxg7+ Kxg7 17. Bb3 Qb6+ 18. Rf2 d5 19. Nc3 Ne3 20. Na4 Nxd1 21. Nxb6 Nxf2 22. Nxa8 Ng4 23. Ba4 Rxf4 24. Bxc6 Rc4 25. Bxd5 Rxc2 26. b4 Nf6 27. Bb3 Rc3 28. Rd1 Bb7 29. Rd8 Ng4 30. Kf1 Re3 31. Nc7 Nxh2+ 32. Kf2 Ng4+ 33. Kf1 Re4 34. b5 Ne3+ 35. Kf2 Ng4+ 36. Kf1 Kf6 37. Rb8 Rf4+ 38. Kg1 Be4 39. Nd5+ Bxd5 40. Bxd5 Rb4 41. Bb3 Ke5 42. Rb7 Kd6 43. Rxa7 Rxb5 44. Ra6+ Kc7 45. Ra7+ Rb7 46. Ra4 Ne5 47. Re4 Nc6 48. Bg8 Rb1+ 49. Kh2 Rb5 50. Kg3 h6 51. Bf7 Rg5+ 52. Kh2 Ne5 53. Bb3 h5 54. Ra4 Nc6 55. Rc4 Kd6 56. Re4 Re5 57. Rf4 g5 58. Rf8 h4 59. Rg8 Nd4 60. Bd1 Ne6 61. Ra8 Re1 62. Ra6+ Ke5 63. Bg4 Nc5 64. Ra5 Kd4 65. g3 hxg3+ 66. Kxg3 Rg1+ 67. Kf3 e5 68. Bh5 e4+ 69. Kf2 Rh1 70. Bg4 Rc1 71. Ra8 Nd3+ 72. Kg2 Nf4+ 73. Kh2 Rc2+ 74. Kh1 Nd3 75. Bf5 Ke3 76. Re8 Kf4 77. Bg6 Kg3 0-1

[Event "Krakow op-B 23rd"]
[Site "Krakow"]
[Date "2012.12.30"]
[Round "5"]
[White "Jopek, Krzysztof"]
[Black "Kalinina, Marianna"]
[Result "0-1"]
[WhiteElo "1868"]
[BlackElo "2051"]
[PlyCount "110"]
[EventDate "2012.12.27"]
[EventType "swiss"]
[EventRounds "9"]
[EventCountry "POL"]
[SourceTitle "CBM 152 Extra"]
[Source "ChessBase"]
[SourceDate "2013.02.25"]
[SourceVersion "1"]
[SourceVersionDate "2013.02.25"]
[SourceQuality "1"]

1. d4 f5 2. g3 Nf6 3. Bg2 d6 4. Nf3 g6 5. 0-0 Bg7 6. c4 0-0 7. Nc3 c6 8. d5 e5 9. dxe6 Bxe6 10. Bf4 Ne8 11. Qa4 Na6 12. Ng5 Nc5 13. Nxe6 Nxa4 14. Nxd8 Nxc3 15. bxc3 Rxd8 16. Rab1 Rf7 17. Rb3 Be5 18. Be3 a6 19. Rd1 Rdd7 20. Bd4 Rfe7 21. Rb2 Kf7 22. Rbd2 Bf6 23. h4 Be5 24. Bf3 Nf6 25. Kg2 Ke8 26. Rd3 Kd8 27. Be3 Kc7 28. Bg5 Re8 29. Be3 Rf7 30. c5 d5 31. Bd4 Nd7 32. R3d2 Bg7 33. Rb1 Bf8 34. Rdb2 Rb8 35. Be3 Nxc5 36. c4 dxc4 37. Rd2 Rd8 38. Rc2 b5 39. Bg5 Re8 40. Rd1 Rd7 41. Rdc1 Ne4 42. Bf4+ Bd6 43. Bh6 Be5 44. a4 Kb6 45. g4 Red8 46. gxf5 gxf5 47. Bh5 Rd1 48. Rxd1 Rxd1 49. f3 Nd6 50. axb5 cxb5 51. Bf8 Ra1 52. e3 f4 53. exf4 Bxf4 54. Bg4 Kc5 55. Be6 Rd1 0-1

[Event "Lvov Euro op 1st"]
[Site "Lvov"]
[Date "2012.05.30"]
[Round "4"]
[White "Kalinina, Marianna"]
[Black "Havryshkevich, Anna Maria"]
[Result "1/2-1/2"]
[WhiteElo "2050"]
[BlackElo "1597"]
[PlyCount "118"]
[EventDate "2012.05.28"]
[EventType "swiss"]
[EventRounds "9"]
[EventCountry "UKR"]
[SourceTitle "CBM 148 Extra"]
[Source "ChessBase"]
[SourceDate "2012.06.22"]
[SourceVersion "1"]
[SourceVersionDate "2012.06.22"]
[SourceQuality "1"]

1. e4 e6 2. d4 d5 3. Nd2 c5 4. exd5 exd5 5. Ngf3 Nc6 6. dxc5 Bxc5 7. Nb3 Bb6 8. Be2 Nge7 9. 0-0 0-0 10. c3 Bg4 11. Bg5 f6 12. Bf4 Ng6 13. Bc1 Qd6 14. Nfd4 Bxe2 15. Nxe2 Bc7 16. g3 Rad8 17. Nbd4 a6 18. Be3 Nce5 19. Nf4 Nxf4 20. Bxf4 Bb6 21. Kg2 Qd7 22. Re1 Rfe8 23. b3 Rc8 24. Rc1 Ba5 25. b4 Bb6 26. Nb3 Ng6 27. Be3 Bxe3 28. Rxe3 Rxe3 29. fxe3 Qe6 30. Nc5 Qc6 31. Qd4 a5 32. Nb3 a4 33. Nc5 Ne7 34. g4 b6 35. Nd3 Qe6 36. Nf2 Rc4 37. Qd3 Qc6 38. b5 Qxb5 39. e4 dxe4 40. Qd6 Nd5 41. Re1 Qc6 42. Nxe4 Qxd6 43. Nxd6 Rxg4+ 44. Kf3 h5 45. c4 Rf4+ 46. Kg3 h4+ 47. Kh3 Nb4 48. Rb1 Rd4 49. Rxb4 Rxd6 50. Rxa4 g5 51. Ra7 Rc6 52. Kg4 Rxc4+ 53. Kf5 Rc6 54. a4 Kf8 55. h3 Ke8 56. Rb7 Rd6 57. Kg6 Rc6 58. Ra7 Rd6 59. Rb7 Re6 1/2-1/2

[Event "Chebanenco Memorial"]
[Site "Kishinev"]
[Date "2012.04.09"]
[Round "9"]
[White "Kalinina, Marianna"]
[Black "Vavric, Pavel"]
[Result "1/2-1/2"]
[WhiteElo "2042"]
[BlackElo "2208"]
[PlyCount "24"]
[EventDate "2012.04.03"]
[EventType "tourn"]
[EventRounds "9"]
[EventCountry "MDA"]
[EventCategory "2"]
[SourceTitle "CBM 148 Extra"]
[Source "ChessBase"]
[SourceDate "2012.06.22"]
[SourceVersion "1"]
[SourceVersionDate "2012.06.22"]
[SourceQuality "1"]

1. e4 e5 2. Nf3 Nc6 3. Bb5 a6 4. Bxc6 dxc6 5. d4 exd4 6. Qxd4 Qxd4 7. Nxd4 Nf6 8. f3 Bd7 9. Nc3 0-0-0 10. Be3 Bb4 11. Nde2 Rhe8 12. 0-0-0 Be6 1/2-1/2

[Event "Chebanenco Memorial"]
[Site "Kishinev"]
[Date "2012.04.06"]
[Round "6"]
[White "Baltag, Iulian"]
[Black "Kalinina, Marianna"]
[Result "1-0"]
[WhiteElo "2420"]
[BlackElo "2042"]
[PlyCount "137"]
[EventDate "2012.04.03"]
[EventType "tourn"]
[EventRounds "9"]
[EventCountry "MDA"]
[EventCategory "2"]
[SourceTitle "CBM 148 Extra"]
[Source "ChessBase"]
[SourceDate "2012.06.22"]
[SourceVersion "1"]
[SourceVersionDate "2012.06.22"]
[SourceQuality "1"]

1. Nf3 f5 2. g3 Nf6 3. Bg2 g6 4. 0-0 Bg7 5. d4 d6 6. c4 0-0 7. Nc3 c6 8. b3 Qc7 9. Ba3 Rd8 10. Qc2 Nbd7 11. e4 Nxe4 12. Nxe4 fxe4 13. Qxe4 e5 14. Qh4 Bf6 15. Ng5 Nf8 16. dxe5 Bxe5 17. Rae1 Qg7 18. Nxh7 Bf5 19. Rxe5 Qxe5 20. Nf6+ Kf7 21. Ng4 Bxg4 22. Qxg4 Ne6 23. Bc1 Qf5 24. Qe2 Re8 25. Qd2 Rad8 26. Rd1 Rf8 27. Qe2 Qe5 28. Be3 Rfe8 29. h4 Ng7 30. Qg4 Qf5 31. Qd4 a6 32. Kh2 Ne6 33. Qa7 Re7 34. Bh3 Qf3 35. Rd2 Rdd7 36. Qb8 Re8 37. Qa7 Ree7 38. Bh6 Qe4 39. f3 Qe1 40. Rg2 c5 41. Bd2 Qe5 42. Rf2 Qd4 43. Kg2 d5 44. cxd5 Qxd5 45. Bc3 Qc6 46. Qb8 Re8 47. Qe5 Nd4 48. Qf4+ Kg8 49. Bxd7 Qxd7 50. Qg5 Qf5 51. Qxf5 Nxf5 52. Rd2 Re3 53. Bb2 Re7 54. Kf2 Kf7 55. f4 b6 56. Be5 Rb7 57. Kf3 a5 58. Rd3 a4 59. Ke4 b5 60. h5 axb3 61. axb3 c4 62. bxc4 bxc4 63. Ra3 Nh6 64. Ra6 Rb3 65. hxg6+ Ke7 66. f5 c3 67. f6+ Kd7 68. Ra7+ Kd8 69. f7 1-0

[Event "Chebanenco Memorial"]
[Site "Kishinev"]
[Date "2012.04.04"]
[Round "3"]
[White "Kalinina, Marianna"]
[Black "Itkis, Boris"]
[Result "0-1"]
[WhiteElo "2042"]
[BlackElo "2434"]
[PlyCount "90"]
[EventDate "2012.04.03"]
[EventType "tourn"]
[EventRounds "9"]
[EventCountry "MDA"]
[EventCategory "2"]
[SourceTitle "CBM 148 Extra"]
[Source "ChessBase"]
[SourceDate "2012.06.22"]
[SourceVersion "1"]
[SourceVersionDate "2012.06.22"]
[SourceQuality "1"]

1. e4 d6 2. d4 Nf6 3. Nc3 g6 4. Nf3 Bg7 5. Be2 0-0 6. h3 c5 7. Be3 cxd4 8. Nxd4 Nc6 9. 0-0 Bd7 10. a4 a6 11. Ra3 Rc8 12. f4 Na5 13. Bf2 Rxc3 14. bxc3 Nxe4 15. Be3 Qc7 16. Qa1 Rc8 17. Bd3 Nxc3 18. Qe1 Nd5 19. Bf2 e6 20. Ne2 Nc4 21. Ra2 a5 22. Kh1 Nb4 23. Ra1 Nb2 24. Bd4 N4xd3 25. cxd3 Nxd3 26. Qh4 e5 27. fxe5 dxe5 28. Be3 Qc2 29. Qe7 Be6 30. Ng1 Qc6 31. Rab1 Qe4 32. Bg5 h6 33. Bd2 Nf2+ 34. Kh2 Qd3 35. Bxa5 e4 36. Bc7 Bf8 37. Qf6 Rxc7 38. Qxf2 Bd6+ 39. Kh1 Rc2 40. Qh4 Qd2 41. Ne2 Qxe2 42. Rg1 Bc5 43. Rbe1 Qh5 44. Qd8+ Kh7 45. Rxe4 Qd5 0-1

[Event "Chebanenco Memorial"]
[Site "Kishinev"]
[Date "2012.04.04"]
[Round "2"]
[White "Romcovici, Victor"]
[Black "Kalinina, Marianna"]
[Result "1/2-1/2"]
[WhiteElo "2147"]
[BlackElo "2042"]
[PlyCount "61"]
[EventDate "2012.04.03"]
[EventType "tourn"]
[EventRounds "9"]
[EventCountry "MDA"]
[EventCategory "2"]
[SourceTitle "CBM 148 Extra"]
[Source "ChessBase"]
[SourceDate "2012.06.22"]
[SourceVersion "1"]
[SourceVersionDate "2012.06.22"]
[SourceQuality "1"]

1. e4 c5 2. Bc4 e6 3. Qe2 Nc6 4. c3 Be7 5. Bb3 d5 6. d3 Nf6 7. Nf3 b5 8. a4 b4 9. 0-0 Na5 10. Nbd2 Qb6 11. Bc2 Bb7 12. e5 Nd7 13. Re1 g5 14. cxb4 Qxb4 15. Nf1 g4 16. N3d2 Nc6 17. Nb3 Ncxe5 18. Bd2 Qb6 19. a5 Qb5 20. Bf4 Bf6 21. Qd1 h5 22. a6 Bxa6 23. Bxe5 Bxe5 24. d4 cxd4 25. Nxd4 Qxb2 26. Rxe5 Bxf1 27. Re3 Bc4 28. Rb1 Qa2 29. Ra1 Qb2 30. Rb1 Qa2 31. Ra1 1/2-1/2

[Event "Kharkov Femida (Women)"]
[Site "Kharkov"]
[Date "2011.11.21"]
[Round "2"]
[White "Kalinina, Marianna"]
[Black "Sharovskaya, Olga"]
[Result "1/2-1/2"]
[WhiteElo "2072"]
[BlackElo "1966"]
[PlyCount "160"]
[EventDate "2011.11.20"]
[EventType "tourn"]
[EventRounds "9"]
[EventCountry "UKR"]
[SourceTitle "CBM 145 Extra"]
[Source "ChessBase"]
[SourceDate "2012.01.03"]
[SourceVersion "1"]
[SourceVersionDate "2012.01.03"]
[SourceQuality "1"]

1. e4 e6 2. d4 d5 3. Nd2 a6 4. Ngf3 c5 5. exd5 Qxd5 6. Bc4 Qd8 7. dxc5 Bxc5 8. 0-0 Nf6 9. Qe2 0-0 10. Ne4 Be7 11. Bf4 Nxe4 12. Qxe4 Nd7 13. Ne5 Nc5 14. Qf3 f6 15. Nd3 Nxd3 16. Bxd3 Qa5 17. Rfe1 Qb4 18. b3 Bd6 19. Re4 Qc3 20. Rd1 Bxf4 21. Rxf4 Qc7 22. Rc4 Qf7 23. Qg3 e5 24. Be4 Be6 25. Rb4 Rad8 26. Re1 b5 27. Bd3 Qd7 28. Qf3 Bd5 29. Qe2 f5 30. Qxe5 Rde8 31. Qa1 Rxe1+ 32. Qxe1 Re8 33. Qc3 Qc6 34. Qxc6 Re1+ 35. Bf1 Bxc6 36. f3 Rc1 37. a4 a5 38. Rf4 g6 39. axb5 Bxb5 40. c4 Bc6 41. Rd4 a4 42. bxa4 Bxa4 43. Kf2 Bb3 44. h4 Kf7 45. g4 fxg4 46. Rxg4 Kf6 47. Bd3 Bc2 48. Ke3 Bxd3 49. Kxd3 Ke5 50. Re4+ Kd6 51. Rd4+ Kc6 52. h5 Rf1 53. Ke2 Rh1 54. hxg6 hxg6 55. Rg4 Kc5 56. Rxg6 Kxc4 57. Rd6 Kc5 58. Rd8 Rh7 59. Ke3 Re7+ 60. Kf2 Kc6 61. f4 Rd7 62. Rc8+ Kd6 63. Kf3 Ke6 64. Ke4 Ra7 65. Rc6+ Kf7 66. Kf5 Ra5+ 67. Kg4 Ra1 68. Kg5 Rg1+ 69. Kf5 Ra1 70. Rc7+ Kf8 71. Kg5 Ra8 72. f5 Ra6 73. Rh7 Rb6 74. Ra7 Rc6 75. Ra5 Rb6 76. f6 Rb1 77. Re5 Kf7 78. Re7+ Kf8 79. Re4 Rg1+ 80. Kf5 Kf7 1/2-1/2

[Event "UKR-ch (Women)"]
[Site "Poltava"]
[Date "2011.10.14"]
[Round "8"]
[White "Tsirulnik, Maritsa"]
[Black "Kalinina, Marianna"]
[Result "1-0"]
[WhiteElo "2168"]
[BlackElo "2039"]
[PlyCount "151"]
[EventDate "2011.10.07"]
[EventType "swiss"]
[EventRounds "9"]
[EventCountry "UKR"]
[SourceTitle "CBM 144 Extra"]
[Source "ChessBase"]
[SourceDate "2011.10.28"]
[SourceVersion "1"]
[SourceVersionDate "2011.10.28"]
[SourceQuality "1"]

1. d4 Nf6 2. Nf3 g6 3. c4 d6 4. g3 Bg7 5. Bg2 0-0 6. 0-0 c6 7. Nc3 Na6 8. e4 Bg4 9. h3 Bxf3 10. Bxf3 e5 11. Be3 Qe7 12. Qd2 Nc7 13. d5 c5 14. a3 Nd7 15. Bg2 f5 16. Rae1 Nb6 17. Qd3 f4 18. Bc1 g5 19. Bf3 Kh8 20. Bg4 Nd7 21. Kg2 Nf6 22. Bf5 Ng8 23. Rh1 Nh6 24. g4 Ne8 25. Bd2 Bf6 26. b4 b6 27. bxc5 dxc5 28. a4 Nd6 29. a5 bxa5 30. Be6 Nhf7 31. Na4 Nb7 32. Bxf7 Rxf7 33. Qa3 Qd6 34. Nc3 Bd8 35. f3 h5 36. Nb5 Qg6 37. Bc3 Qf6 38. Qb2 Re7 39. Rb1 Kg8 40. Rhd1 Nd6 41. Nxd6 Qxd6 42. Qb5 a6 43. Qc6 Qxc6 44. dxc6 Re6 45. Rd5 hxg4 46. hxg4 Rxc6 47. Bxe5 Bb6 48. Bc3 Rg6 49. Rd7 Bd8 50. Rbd1 Bf6 51. R1d6 Bxc3 52. Rxg6+ Kf8 53. Rdd6 Ke7 54. Rge6+ Kf7 55. Rxa6 Rb8 56. Reb6 Rd8 57. Rd6 Rb8 58. Rab6 Ra8 59. Rb7+ Kf8 60. Rbb6 Ke7 61. Re6+ Kf7 62. Rec6 Bb4 63. e5 Ra7 64. Kf2 Bc3 65. e6+ Kf6 66. Ke2 Bb4 67. Kd3 Ra8 68. Ke4 Rd8 69. Rd6 Rh8 70. Rb7 Re8 71. e7+ Kf7 72. Kf5 Bc3 73. Kxg5 a4 74. Ra6 a3 75. Rxa3 Be5 76. Kf5 1-0

[Event "UKR-ch (Women)"]
[Site "Poltava"]
[Date "2011.10.12"]
[Round "6"]
[White "Andrenko, Irina"]
[Black "Kalinina, Marianna"]
[Result "1-0"]
[WhiteElo "2231"]
[BlackElo "2039"]
[PlyCount "85"]
[EventDate "2011.10.07"]
[EventType "swiss"]
[EventRounds "9"]
[EventCountry "UKR"]
[SourceTitle "CBM 144 Extra"]
[Source "ChessBase"]
[SourceDate "2011.10.28"]
[SourceVersion "1"]
[SourceVersionDate "2011.10.28"]
[SourceQuality "1"]

1. e4 d6 2. d4 g6 3. Nc3 Bg7 4. f4 c6 5. Nf3 Bg4 6. Be3 Nd7 7. Bc4 h5 8. 0-0 e6 9. Bb3 Ne7 10. d5 cxd5 11. exd5 e5 12. h3 Bxf3 13. Qxf3 Nf5 14. Bf2 exf4 15. Rae1+ Be5 16. Qxf4 Kf8 17. Qb4 b6 18. Ba4 a5 19. Qc4 Rc8 20. Bc6 Kg7 21. Ne4 Nc5 22. Nxc5 bxc5 23. Rxe5 dxe5 24. Bxc5 Qg5 25. Qc3 f6 26. Qxa5 Kh6 27. Qe1 Kh7 28. b4 Rhd8 29. Qc1 Qh4 30. c4 Ng3 31. Qe1 f5 32. Bf2 Qxc4 33. Bxg3 f4 34. Qxe5 Qxb4 35. Bxf4 Rf8 36. Qg5 Qd4+ 37. Kh2 Qg7 38. Be5 Qa7 39. Rf6 Rxf6 40. Qxf6 Rg8 41. a4 Rc8 42. d6 Rg8 43. d7 1-0

[Event "UKR-ch (Women)"]
[Site "Poltava"]
[Date "2011.10.10"]
[Round "4"]
[White "Cherednichenko, Svetlana"]
[Black "Kalinina, Marianna"]
[Result "0-1"]
[WhiteElo "2283"]
[BlackElo "2039"]
[PlyCount "112"]
[EventDate "2011.10.07"]
[EventType "swiss"]
[EventRounds "9"]
[EventCountry "UKR"]
[SourceTitle "CBM 144 Extra"]
[Source "ChessBase"]
[SourceDate "2011.10.28"]
[SourceVersion "1"]
[SourceVersionDate "2011.10.28"]
[SourceQuality "1"]

1. d4 Nf6 2. c4 g6 3. Nc3 Bg7 4. e4 d6 5. Nf3 c6 6. Be2 Bg4 7. Be3 0-0 8. Ng5 Bxe2 9. Qxe2 h6 10. Nh3 Qa5 11. 0-0 e5 12. d5 cxd5 13. cxd5 a6 14. f3 Nbd7 15. a3 Rfc8 16. Rfc1 b5 17. b4 Qd8 18. a4 bxa4 19. Nxa4 Rcb8 20. Rab1 Rb7 21. Rc6 Nb8 22. Rc4 Nbd7 23. Qc2 Ne8 24. Rc6 Kh7 25. Qc4 Nc7 26. Rxd6 Nb5 27. Rxd7 Rxd7 28. Qd3 Rb7 29. Nc5 Rbb8 30. Nb3 Bf8 31. Na5 Qd7 32. Nc6 Re8 33. Nf2 f5 34. Nd1 Rac8 35. Qb3 Bg7 36. Qb2 Nd6 37. Qc2 Rc7 38. Ra1 Ra8 39. Bb6 Rb7 40. Bc5 Nf7 41. Ne3 fxe4 42. fxe4 Rc7 43. b5 Qc8 44. Qa4 a5 45. Rf1 h5 46. d6 Rb7 47. Nd5 Qg4 48. Nc7 Rf8 49. b6 Nxd6 50. Bxd6 Rxf1+ 51. Kxf1 Qf4+ 52. Ke2 Rxb6 53. Qc2 Qg4+ 54. Kf2 Qd7 55. Nxa5 Rxd6 56. Nd5 Qa7+ 0-1

[Event "UKR-ch (Women)"]
[Site "Poltava"]
[Date "2011.10.07"]
[Round "1"]
[White "Kalinina, Marianna"]
[Black "Dolzhikova, Kateryna"]
[Result "0-1"]
[WhiteElo "2039"]
[BlackElo "2311"]
[PlyCount "74"]
[EventDate "2011.10.07"]
[EventType "swiss"]
[EventRounds "9"]
[EventCountry "UKR"]
[SourceTitle "CBM 144 Extra"]
[Source "ChessBase"]
[SourceDate "2011.10.28"]
[SourceVersion "1"]
[SourceVersionDate "2011.10.28"]
[SourceQuality "1"]

1. e4 c5 2. Nf3 d6 3. d4 cxd4 4. Nxd4 Nf6 5. Nc3 g6 6. Bc4 Bg7 7. 0-0 0-0 8. Bb3 Nc6 9. Nf3 b6 10. h3 Bb7 11. Qe2 Nd7 12. Rd1 Nc5 13. Bg5 Nxb3 14. axb3 h6 15. Bf4 Qd7 16. Qd2 g5 17. Bg3 f5 18. exf5 Rxf5 19. Re1 Rxf3 20. gxf3 Nd4 21. Re3 Qxh3 22. Qd3 g4 23. Ne4 Nxf3+ 24. Rxf3 gxf3 25. Qxf3 Kh8 26. Ng5 Bxf3 27. Nxh3 Bxb2 28. Ra2 Bc3 29. Ra4 a5 30. Rc4 Bf6 31. Ra4 b5 32. Ra2 a4 33. Nf4 h5 34. Kh2 Kh7 35. Nd3 e5 36. Ne1 axb3 37. Rb2 Bd5 0-1

[Event "UKR-ch (Women)"]
[Site "Poltava"]
[Date "2010.11.18"]
[Round "6"]
[White "Tsirulnik, Maritsa"]
[Black "Kalinina, Marianna"]
[Result "1/2-1/2"]
[WhiteElo "2136"]
[BlackElo "2031"]
[PlyCount "92"]
[EventDate "2010.11.13"]
[EventType "swiss"]
[EventRounds "9"]
[EventCountry "UKR"]
[SourceTitle "CBM 139 Extra"]
[Source "ChessBase"]
[SourceDate "2011.01.05"]
[SourceVersion "1"]
[SourceVersionDate "2011.01.05"]
[SourceQuality "1"]

1. e4 c5 2. Nf3 e6 3. d4 cxd4 4. Nxd4 a6 5. Nc3 Qc7 6. Be2 b5 7. Bf3 Bb7 8. 0-0 Nc6 9. Nxc6 Bxc6 10. Re1 Bd6 11. g3 Nf6 12. Nd5 Bxd5 13. exd5 Rc8 14. Bg5 0-0 15. Re2 b4 16. Qd4 Bc5 17. Qd3 Qb6 18. Rd1 Qa5 19. Qb3 Kh8 20. Be3 Bxe3 21. Rxe3 Rc5 22. dxe6 fxe6 23. Rd4 Qc7 24. Rxb4 Rxc2 25. Rb7 Qc5 26. Qb4 Qxb4 27. Rxb4 g5 28. Rc3 Rd2 29. h3 Nd5 30. Bxd5 exd5 31. f4 Re8 32. Kf1 d4 33. Rcc4 d3 34. Re4 Rf8 35. Rbd4 gxf4 36. Rxf4 Rc8 37. Rc4 Rg8 38. Rf2 Rd1+ 39. Kg2 Re8 40. Kf3 Rde1 41. Rd4 Rf8+ 42. Kg2 Rxf2+ 43. Kxf2 Re2+ 44. Kf3 Rxb2 45. Rxd3 Rxa2 46. Rxd7 Ra4 1/2-1/2

[Event "UKR-ch (Women)"]
[Site "Poltava"]
[Date "2010.11.16"]
[Round "4"]
[White "Tarleva, Vira"]
[Black "Kalinina, Marianna"]
[Result "1-0"]
[WhiteElo "2170"]
[BlackElo "2031"]
[PlyCount "45"]
[EventDate "2010.11.13"]
[EventType "swiss"]
[EventRounds "9"]
[EventCountry "UKR"]
[SourceTitle "CBM 139 Extra"]
[Source "ChessBase"]
[SourceDate "2011.01.05"]
[SourceVersion "1"]
[SourceVersionDate "2011.01.05"]
[SourceQuality "1"]

1. e4 c5 2. Nf3 e6 3. Nc3 a6 4. d4 cxd4 5. Nxd4 Qc7 6. g3 Nf6 7. Bg2 Be7 8. 0-0 Nc6 9. Re1 d6 10. Nxc6 bxc6 11. e5 dxe5 12. Rxe5 Nd5 13. Nxd5 cxd5 14. Bf4 Qc5 15. Qe2 a5 16. Re1 Ba6 17. Qg4 0-0 18. Bh6 Bf6 19. Bxg7 Bxg7 20. Rg5 Qxc2 21. Rxg7+ Kh8 22. Qd4 Qc4 23. Qf6 1-0

[Event "UKR-ch (Women)"]
[Site "Poltava"]
[Date "2010.11.15"]
[Round "3"]
[White "Kalinina, Marianna"]
[Black "Brailko, Julia"]
[Result "1-0"]
[WhiteElo "2031"]
[BlackElo "2148"]
[PlyCount "99"]
[EventDate "2010.11.13"]
[EventType "swiss"]
[EventRounds "9"]
[EventCountry "UKR"]
[SourceTitle "CBM 139 Extra"]
[Source "ChessBase"]
[SourceDate "2011.01.05"]
[SourceVersion "1"]
[SourceVersionDate "2011.01.05"]
[SourceQuality "1"]

1. e4 c5 2. Nf3 d6 3. d4 cxd4 4. Nxd4 Nc6 5. Nc3 e5 6. Ndb5 a6 7. Na3 b5 8. Nd5 Nf6 9. Bg5 Be7 10. Bxf6 Bxf6 11. c3 0-0 12. Be2 Rb8 13. Nc2 Bg5 14. 0-0 Bb7 15. a4 bxa4 16. Rxa4 a5 17. Bc4 Kh8 18. b3 f5 19. exf5 Ne7 20. Nxe7 Bxe7 21. Ne3 Bc6 22. Ra2 Bg5 23. Rd2 Bxe3 24. Rxd6 Qb6 25. fxe3 Qxe3+ 26. Kh1 Be4 27. Qg4 Bxf5 28. Qd1 g6 29. Rf3 Qa7 30. Qd5 e4 31. Rf1 h5 32. Ra6 Qc7 33. Qd4+ Qg7 34. Rxa5 Be6 35. Rxf8+ Rxf8 36. Kg1 Bxc4 37. bxc4 Re8 38. Ra7 Qxd4+ 39. cxd4 e3 40. Kf1 Re4 41. Rd7 Rf4+ 42. Ke2 Rf2+ 43. Kxe3 Rxg2 44. c5 Rxh2 45. c6 h4 46. c7 Rc2 47. Rd8+ Kg7 48. c8Q Rxc8 49. Rxc8 h3 50. Kf3 1-0